Lehrbuch des Handelsrechts

Enregistré dans:
Détails bibliographiques
Format: Livre
Langue:allemand
Publié: Stuttgart Ferdinand Enke 1903
Édition:Sechste Auflage
Tags: Ajouter un tag
Pas de tags, Soyez le premier à ajouter un tag!

MARC

LEADER 00000nam a2200000 4500
001 0306777
005 20250204134011.8
041 0 |a ger 
044 |a DE 
245 1 0 |a Lehrbuch des Handelsrechts  |c Konrad Cosack 
250 |a Sechste Auflage 
264 1 |a Stuttgart  |b Ferdinand Enke  |c 1903